000 00269nam a2200109 4500
008 160625b xxu||||| |||| 00| 0 eng d
100 _91166
_a Burnett, F.H
245 _aThe Secret Garden
260 _aBombay
_b St.Pauls
300 _aThe Secret Garden
942 _2ddc
_cBK
999 _c947
_d947